[Event "BL 0102 (Women)"]
[Site "Germany"]
[Date "2002.03.02"]
[Round "6.1"]
[White "Sadkiewicz, Joanna"]
[Black "Mai, Iris"]
[Result "1/2-1/2"]
[WhiteElo "2169"]
[BlackElo "2178"]
[PlyCount "83"]
[EventDate "2001.10.27"]
[EventType "team-tourn"]
[EventRounds "11"]
[EventCountry "GER"]
[SourceTitle "EXT 2003"]
[Source "ChessBase"]
[SourceDate "2002.11.25"]
[SourceVersion "1"]
[SourceVersionDate "2002.11.25"]
[SourceQuality "1"]
[WhiteTeam "Krefeld"]
[BlackTeam "Berlin Rotation"]
[WhiteTeamCountry "GER"]
[BlackTeamCountry "GER"]

1. e4 c5 2. Nf3 e6 3. d4 cxd4 4. Nxd4 a6 5. Bd3 Qc7 6. 0-0 Nf6 7. Nc3 Nc6 8. Nxc6 bxc6 9. f4 Bc5+ 10. Kh1 d6 11. e5 dxe5 12. fxe5 Qxe5 13. Bf4 Qd4 14. Qf3 0-0 15. Rad1 e5 16. Bxh7+ Nxh7 17. Rxd4 Bxd4 18. Be3 Be6 19. Bxd4 exd4 20. Ne4 Rfd8 21. Ng3 Rd5 22. Qd3 a5 23. Nf5 Re8 24. Kg1 g6 25. Ng3 Kg7 26. Rf4 Red8 27. c3 c5 28. cxd4 Rxd4 29. Rxd4 cxd4 30. b3 Nf6 31. h3 Rd5 32. Kf2 Nd7 33. Ke1 f5 34. Kd2 Kf6 35. a3 Nc5 36. Qc4 Ne4+ 37. Nxe4+ fxe4 38. g4 Ke5 39. Qc7+ Kf6 40. Qf4+ Ke7 41. Qc7+ Bd7 42. a4 1/2-1/2

[Event "POL-chT 58th 2nd League"]
[Site "Wisla"]
[Date "2002.??.??"]
[Round "?"]
[White "Sadkiewicz, Joanna"]
[Black "Zielinska, Malgorzata"]
[Result "1/2-1/2"]
[WhiteElo "2169"]
[BlackElo "2098"]
[PlyCount "40"]
[EventDate "2002.08.30"]
[EventType "team-swiss"]
[EventRounds "11"]
[EventCountry "POL"]
[SourceTitle "EXT 2019"]
[Source "ChessBase"]
[SourceDate "2018.10.10"]
[SourceVersion "1"]
[SourceVersionDate "2018.10.10"]
[SourceQuality "1"]
[WhiteTeam "Znin Baszta"]
[WhiteTeamCountry "POL"]

1. e4 e6 2. d4 d5 3. Nc3 Nf6 4. Bg5 Be7 5. e5 Ne4 6. Bxe7 Qxe7 7. Nxe4 dxe4 8. Ne2 Nd7 9. Nc3 f5 10. exf6 Nxf6 11. Bc4 Bd7 12. Qe2 0-0-0 13. 0-0-0 Bc6 14. Rhe1 Bd5 15. Bb3 Kb8 16. Na4 Qd6 17. c4 Bc6 18. g3 Be8 19. h3 Bg6 20. Bc2 Rhf8 1/2-1/2

[Event "POL-chT 58th 2nd League"]
[Site "Wisla"]
[Date "2002.??.??"]
[Round "?"]
[White "Smolak, Ewa"]
[Black "Sadkiewicz, Joanna"]
[Result "1/2-1/2"]
[WhiteElo "2038"]
[BlackElo "2169"]
[PlyCount "40"]
[EventDate "2002.08.30"]
[EventType "team-swiss"]
[EventRounds "11"]
[EventCountry "POL"]
[SourceTitle "EXT 2019"]
[Source "ChessBase"]
[SourceDate "2018.10.10"]
[SourceVersion "1"]
[SourceVersionDate "2018.10.10"]
[SourceQuality "1"]
[BlackTeam "Znin Baszta"]
[BlackTeamCountry "POL"]

1. e4 c5 2. Nc3 Nc6 3. f4 g6 4. g3 Bg7 5. Bg2 d6 6. d3 e6 7. Nf3 Nge7 8. 0-0 0-0 9. Be3 Nd4 10. e5 Nef5 11. Bf2 Nxf3+ 12. Qxf3 Nd4 13. Qd1 dxe5 14. fxe5 Bxe5 15. Ne4 f5 16. Nxc5 Qc7 17. b4 Nc6 18. Rb1 Rb8 19. d4 Bg7 20. d5 Rd8 1/2-1/2

[Event "Oberliga NRW 0102 I"]
[Site "Germany"]
[Date "2001.12.09"]
[Round "4.5"]
[White "Kern, Guido"]
[Black "Sadkiewicz, Joanna"]
[Result "0-1"]
[WhiteElo "2334"]
[BlackElo "2169"]
[PlyCount "64"]
[EventDate "2001.10.??"]
[EventType "team"]
[EventRounds "9"]
[EventCountry "GER"]
[SourceTitle "EXT 2004"]
[Source "ChessBase"]
[SourceDate "2003.11.25"]
[SourceVersion "1"]
[SourceVersionDate "2003.11.25"]
[SourceQuality "1"]
[WhiteTeam "Muelheim Nord"]
[BlackTeam "Krefeld"]
[WhiteTeamCountry "GER"]
[BlackTeamCountry "GER"]

1. c4 c5 2. Nf3 Nf6 3. g3 d5 4. cxd5 Nxd5 5. Bg2 Nc6 6. d4 e6 7. 0-0 Be7 8. dxc5 Bxc5 9. a3 a5 10. Qc2 Bb6 11. e4 Nf6 12. Bf4 Qe7 13. Nc3 0-0 14. e5 Nd5 15. Ng5 g6 16. Bxd5 exd5 17. Nxd5 Qc5 18. Nf6+ Kg7 19. Qxc5 Bxc5 20. Ngxh7 Rh8 21. Ng5 Bd4 22. Nf3 Bxb2 23. Ra2 Nd4 24. Rxb2 Nxf3+ 25. Kg2 Bh3+ 26. Kxf3 Bxf1 27. Rxb7 Rxh2 28. Rc7 Bg2+ 29. Ke2 Rh1 30. Bd2 Ra1 31. e6 Bf1+ 32. Ke3 Rxa3+ 0-1

[Event "BL 0102 (Women)"]
[Site "Germany"]
[Date "2001.10.28"]
[Round "2.1"]
[White "Sadkiewicz, Joanna"]
[Black "Madl, Ildiko"]
[Result "0-1"]
[WhiteElo "2169"]
[BlackElo "2420"]
[PlyCount "66"]
[EventDate "2001.10.27"]
[EventType "team-tourn"]
[EventRounds "11"]
[EventCountry "GER"]
[SourceTitle "EXT 2003"]
[Source "ChessBase"]
[SourceDate "2002.11.25"]
[SourceVersion "1"]
[SourceVersionDate "2002.11.25"]
[SourceQuality "1"]
[WhiteTeam "Krefeld"]
[BlackTeam "Halle"]
[WhiteTeamCountry "GER"]
[BlackTeamCountry "GER"]

1. e4 c5 2. Nf3 d6 3. d4 cxd4 4. Nxd4 Nf6 5. Nc3 Nc6 6. Bg5 e6 7. Qd2 a6 8. 0-0-0 Be7 9. Bxf6 gxf6 10. f4 Nxd4 11. Qxd4 b5 12. Kb1 Qc7 13. Bd3 Qc5 14. Ne2 Rg8 15. g3 Bb7 16. Rhf1 Qxd4 17. Nxd4 Bd8 18. Rfe1 Ke7 19. c4 Bb6 20. Nc2 bxc4 21. Bxc4 Rac8 22. b3 h5 23. Rd3 h4 24. Re2 Rg7 25. f5 Rg4 26. fxe6 fxe6 27. Red2 Rd8 28. gxh4 Bxe4 29. Rh3 a5 30. Kb2 a4 31. Be2 Rgg8 32. h5 f5 33. h6 f4 0-1

[Event "BL2 West 0001 (Women)"]
[Site "Germany"]
[Date "2000.??.??"]
[Round "?"]
[White "Sadkiewicz, Joanna"]
[Black "Kopylov, Luba"]
[Result "1-0"]
[WhiteElo "2176"]
[BlackElo "1683"]
[PlyCount "59"]
[EventDate "2000.??.??"]
[EventType "team-tourn"]
[EventRounds "7"]
[EventCountry "GER"]
[SourceTitle "EXT 2002"]
[Source "ChessBase"]
[SourceDate "2001.11.25"]
[SourceVersion "1"]
[SourceVersionDate "2001.11.25"]
[SourceQuality "1"]

1. e4 b6 2. d4 Bb7 3. Nc3 e6 4. Nf3 Bb4 5. Bd3 Nf6 6. Qe2 d5 7. exd5 Nxd5 8. Bd2 Nxc3 9. bxc3 Be7 10. Ne5 Bf6 11. 0-0 Qd5 12. Bb5+ Ke7 13. f4 Rd8 14. Rae1 Nc6 15. Bc4 Qd6 16. Qh5 Rf8 17. Nxf7 Bxd4+ 18. Kh1 Qc5 19. Qe2 Rfe8 20. Ng5 e5 21. cxd4 Nxd4 22. Qxe5+ Qxe5 23. Rxe5+ Kd7 24. Bc3 Rxe5 25. fxe5 Nxc2 26. Bb5+ Kd8 27. Rf8+ Ke7 28. Rf7+ Kd8 29. Ne6+ Kc8 30. Rf8# 1-0

[Event "BL 9798 (Women)"]
[Site "Germany"]
[Date "1998.??.??"]
[Round "?.3"]
[White "Belic, Jordanka"]
[Black "Sadkiewicz, Joanna"]
[Result "1-0"]
[WhiteElo "2300"]
[BlackElo "2195"]
[PlyCount "75"]
[EventDate "1997.10.??"]
[EventType "team-tourn"]
[EventRounds "11"]
[EventCountry "GER"]
[SourceTitle "EXT 1999"]
[Source "ChessBase"]
[SourceDate "1998.11.16"]
[SourceVersion "1"]
[SourceVersionDate "1998.11.16"]
[SourceQuality "1"]
[WhiteTeam "Elberfeld (W)"]
[BlackTeam "Krefeld"]
[WhiteTeamCountry "GER"]
[BlackTeamCountry "GER"]

1. e4 c5 2. Nf3 d6 3. Bb5+ Bd7 4. Bxd7+ Qxd7 5. 0-0 Nc6 6. c3 Nf6 7. d4 Nxe4 8. d5 Ne5 9. Re1 Nf6 10. Nxe5 dxe5 11. Rxe5 e6 12. c4 Bd6 13. Re1 0-0-0 14. Bg5 h6 15. Bxf6 gxf6 16. Nc3 Be5 17. Qf3 Rhg8 18. Rad1 Qc7 19. Nb5 Qb6 20. Qa3 a6 21. Nc3 Bd4 22. Na4 Qa5 23. Qb3 e5 24. Nc3 Rg6 25. Ne2 Rdg8 26. g3 Qc7 27. Nxd4 exd4 28. Re2 f5 29. Rde1 Rd8 30. Qf3 f4 31. Re4 fxg3 32. hxg3 Qd6 33. a3 Rf6 34. Qe2 Kb8 35. b4 cxb4 36. axb4 Qxb4 37. Rxd4 Rfd6 38. Rf4 1-0

[Event "BL2 West 9899 (Women)"]
[Site "Germany"]
[Date "1998.??.??"]
[Round "?"]
[White "Sadkiewicz, Joanna"]
[Black "Schultz, Heide"]
[Result "1-0"]
[WhiteElo "2195"]
[BlackElo "2010"]
[PlyCount "71"]
[EventDate "1998.10.??"]
[EventType "team-tourn"]
[EventRounds "7"]
[EventCountry "GER"]
[SourceTitle "EXT 2000"]
[Source "ChessBase"]
[SourceDate "1999.11.16"]
[SourceVersion "1"]
[SourceVersionDate "1999.11.16"]
[SourceQuality "1"]

1. e4 Nf6 2. e5 Nd5 3. d4 d6 4. f4 dxe5 5. fxe5 c5 6. Nf3 cxd4 7. Nxd4 e6 8. Nf3 Nc6 9. c3 Qb6 10. Bd3 Bc5 11. Qe2 h6 12. a4 Be3 13. a5 Qc5 14. Bxe3 Qxe3 15. Nbd2 Qxe2+ 16. Bxe2 Ne3 17. Ra4 Bd7 18. Re4 Nd5 19. Nc4 Ke7 20. Rf1 b6 21. a6 Rhf8 22. Nh4 Rab8 23. Bh5 Be8 24. Nd6 g6 25. Nxe8 Rbxe8 26. Be2 Rd8 27. Bb5 Nb8 28. Re2 Nc7 29. Bd3 Nbxa6 30. Ref2 Nc5 31. Bxg6 Nd3+ 32. Bxd3 Rxd3 33. Ng6+ fxg6 34. Rxf8 Re3+ 35. Kd2 Rxe5 36. R1f7+ 1-0

[Event "BL 9798 (Women)"]
[Site "Germany"]
[Date "1997.??.??"]
[Round "?.3"]
[White "Jahn, Constanze"]
[Black "Sadkiewicz, Joanna"]
[Result "0-1"]
[WhiteElo "2180"]
[BlackElo "2195"]
[PlyCount "94"]
[EventDate "1997.10.??"]
[EventType "team-tourn"]
[EventRounds "11"]
[EventCountry "GER"]
[SourceTitle "EXT 1999"]
[Source "ChessBase"]
[SourceDate "1998.11.16"]
[SourceVersion "1"]
[SourceVersionDate "1998.11.16"]
[SourceQuality "1"]
[WhiteTeam "Halle"]
[BlackTeam "Krefeld"]
[WhiteTeamCountry "GER"]
[BlackTeamCountry "GER"]

1. e4 c5 2. c3 Nf6 3. e5 Nd5 4. d4 cxd4 5. Nf3 Nc6 6. Bc4 Nb6 7. Bb3 d5 8. cxd4 Bg4 9. Be3 e6 10. Nc3 Be7 11. h3 Bh5 12. g4 Bg6 13. h4 h5 14. g5 Nc4 15. 0-0 Nxb2 16. Qe2 Nc4 17. Bxc4 dxc4 18. Qxc4 Nb4 19. Qb5+ Qd7 20. Qxd7+ Kxd7 21. d5 exd5 22. Rad1 Rhc8 23. Nxd5 Nxd5 24. Rxd5+ Ke6 25. Rd2 Bb4 26. Rb2 Rc4 27. a3 Bc3 28. Rb5 Rg4+ 29. Kh2 Bd3 30. Rc1 Bxb5 31. Rxc3 Rd8 32. Bxa7 Bc6 33. Bb6 Rd1 34. Bc7 Bxf3 35. Rxf3 Rxh4+ 36. Kg2 Rg4+ 37. Kh2 Rd7 38. Bd6 Rxg5 39. Rb3 Rg4 40. f3 Ra4 41. Kg3 g5 42. Rb1 Rc4 43. Kf2 Rc2+ 44. Ke3 Kf5 45. Rh1 Rc3+ 46. Ke2 h4 47. Rg1 f6 0-1

[Event "BL 9394 (Women)"]
[Site "Germany"]
[Date "1994.01.22"]
[Round "8.1"]
[White "Sadkiewicz, Joanna"]
[Black "Ankerst, Milka"]
[Result "1/2-1/2"]
[WhiteElo "2225"]
[BlackElo "2140"]
[PlyCount "94"]
[EventDate "1993.10.02"]
[EventType "team-tourn"]
[EventRounds "11"]
[EventCountry "GER"]
[SourceTitle "EXT 1997"]
[Source "ChessBase"]
[SourceDate "1996.11.15"]
[SourceVersion "1"]
[SourceVersionDate "1996.11.15"]
[SourceQuality "1"]
[WhiteTeam "Krefeld Turm"]
[BlackTeam "Hofheim"]
[WhiteTeamCountry "GER"]
[BlackTeamCountry "GER"]

1. e4 c5 2. Nf3 Nc6 3. d4 cxd4 4. Nxd4 Nf6 5. Nc3 e5 6. Ndb5 d6 7. Bg5 a6 8. Na3 b5 9. Nd5 Be7 10. Nxe7 Nxe7 11. Bd3 Ng6 12. Qe2 Bb7 13. 0-0 h6 14. Bd2 0-0 15. c4 b4 16. Nc2 a5 17. b3 Nd7 18. Be3 Nc5 19. f3 Qe7 20. Qd2 Rfd8 21. Rfb1 Nf8 22. Be2 Nfe6 23. Bd1 Bc6 24. a3 bxa3 25. Nxa3 Nc7 26. Rb2 f5 27. exf5 d5 28. Bxc5 Qxc5+ 29. Qf2 d4 30. Bc2 Rd6 31. Nb1 Na6 32. Nd2 d3 33. Qxc5 Nxc5 34. Bd1 Bb7 35. Rba2 Rda6 36. Kf2 Kf7 37. Ke3 Kf6 38. Ne4+ Nxe4 39. fxe4 Ke7 40. g4 Kd6 41. h4 Ke7 42. Rg2 Rd8 43. Rga2 Rda8 44. Ra3 Kd6 45. R1a2 Ke7 46. Rg2 Rd8 47. Rga2 Rda8 1/2-1/2

[Event "POL-ch (Women)"]
[Site "Gdansk"]
[Date "1994.??.??"]
[Round "5"]
[White "Sadkiewicz, Joanna"]
[Black "Blimke, Dalia"]
[Result "1-0"]
[WhiteElo "2225"]
[BlackElo "2085"]
[PlyCount "75"]
[EventDate "1994.??.??"]
[EventType "tourn"]
[EventRounds "13"]
[EventCountry "POL"]
[SourceTitle "EXT 1997"]
[Source "ChessBase"]
[SourceDate "1996.11.15"]
[SourceVersion "1"]
[SourceVersionDate "1996.11.15"]
[SourceQuality "1"]

1. e4 c5 2. Nf3 Nc6 3. d4 cxd4 4. Nxd4 Qc7 5. Nc3 e6 6. Be2 a6 7. 0-0 Nf6 8. Kh1 Nxd4 9. Qxd4 Bc5 10. Qd3 h5 11. f4 Ng4 12. Qg3 b5 13. e5 Bb7 14. Bf3 Rd8 15. Ne4 Bxe4 16. Bxe4 g6 17. Bd2 Qb6 18. Be1 d5 19. exd6 Rxd6 20. h3 Ne3 21. Rf3 h4 22. Qh2 b4 23. Bf2 Nf5 24. Bxf5 Bxf2 25. Bd3 Bd4 26. Rb1 Ke7 27. c3 Bc5 28. f5 bxc3 29. fxg6 f6 30. Qf4 e5 31. Qc4 Re6 32. Bf5 cxb2 33. Bxe6 Rd8 34. Rb3 Qc6 35. Rb7+ Ke8 36. Bf7+ Kf8 37. g7+ Kxg7 38. Qg4+ 1-0

[Event "POL-ch (Women)"]
[Site "Gdansk"]
[Date "1994.??.??"]
[Round "8"]
[White "Sadkiewicz, Joanna"]
[Black "Gazik, Renata"]
[Result "1-0"]
[WhiteElo "2225"]
[BlackElo "2210"]
[PlyCount "136"]
[EventDate "1994.??.??"]
[EventType "tourn"]
[EventRounds "13"]
[EventCountry "POL"]
[SourceTitle "EXT 1997"]
[Source "ChessBase"]
[SourceDate "1996.11.15"]
[SourceVersion "1"]
[SourceVersionDate "1996.11.15"]
[SourceQuality "1"]

1. e4 e6 2. d4 d5 3. Nc3 Nf6 4. Bg5 dxe4 5. Bxf6 gxf6 6. Nxe4 f5 7. Ng3 c5 8. dxc5 Qxd1+ 9. Rxd1 Bxc5 10. Nf3 Nc6 11. Nh5 a6 12. c3 Ke7 13. Bd3 e5 14. Bc2 e4 15. Nh4 Ne5 16. Rd5 Bd6 17. Ng3 Rd8 18. Nhxf5+ Bxf5 19. Nxf5+ Ke6 20. Rxd6+ Kxf5 21. Rxd8 Rxd8 22. f3 Nd3+ 23. Bxd3 Rxd3 24. Ke2 Rd6 25. Rf1 Rb6 26. b3 Rg6 27. g3 Rh6 28. fxe4+ Kxe4 29. Rf4+ Ke5 30. h4 f5 31. Rc4 Rg6 32. Kf3 Rg7 33. Rc5+ Ke6 34. Kf4 Rg4+ 35. Kf3 Rg7 36. Rc4 Ke5 37. Rc5+ Ke6 38. a4 Rd7 39. Kf4 Rd1 40. Re5+ Kd6 41. Re3 Rf1+ 42. Rf3 Rb1 43. b4 Ke6 44. Kg5 Re1 45. Rxf5 Re3 46. Rc5 Rxg3+ 47. Kh6 a5 48. h5 b6 49. Rc6+ Kf7 50. b5 Rg4 51. Rxb6 Rxa4 52. Rc6 Ra1 53. c4 a4 54. c5 Rb1 55. b6 a3 56. Rc7+ Ke6 57. Ra7 Kd5 58. Rxa3 Kxc5 59. Rc3+ Kd6 60. Kxh7 Rxb6 61. h6 Ke5 62. Rf3 Rb7+ 63. Kg8 Rb1 64. h7 Rg1+ 65. Kf8 Rh1 66. Rf7 Ke6 67. Kg8 Rh2 68. Rg7 Ra2 1-0

[Event "POL-ch (Women)"]
[Site "Gdansk"]
[Date "1994.??.??"]
[Round "1"]
[White "Sadkiewicz, Joanna"]
[Black "Lewandowska, Katarzyna"]
[Result "0-1"]
[WhiteElo "2225"]
[BlackElo "2130"]
[PlyCount "62"]
[EventDate "1994.??.??"]
[EventType "tourn"]
[EventRounds "13"]
[EventCountry "POL"]
[SourceTitle "EXT 1997"]
[Source "ChessBase"]
[SourceDate "1996.11.15"]
[SourceVersion "1"]
[SourceVersionDate "1996.11.15"]
[SourceQuality "1"]

1. e4 c5 2. Nf3 Nc6 3. d4 cxd4 4. Nxd4 Nf6 5. Nc3 e5 6. Ndb5 d6 7. a4 Be6 8. Bg5 Rc8 9. Nd5 Bxd5 10. exd5 Ne7 11. Nc3 a6 12. Bd3 Qa5 13. Bxf6 gxf6 14. Qf3 Bg7 15. 0-0 0-0 16. Rfd1 Rfd8 17. Ra3 Qc7 18. Ne4 f5 19. Ng5 h6 20. Nxf7 Kxf7 21. Bxf5 Nxf5 22. Qxf5+ Kg8 23. Rc3 Qf7 24. Rxc8 Qxf5 25. Rxd8+ Bf8 26. Rd3 e4 27. Rg3+ Kf7 28. c4 Be7 29. Rb8 Bh4 30. Rxb7+ Kf6 31. Rb6 Ke5 0-1

[Event "BL 9394 (Women)"]
[Site "Germany"]
[Date "1993.10.03"]
[Round "2.1"]
[White "Baginskaite, Camilla"]
[Black "Sadkiewicz, Joanna"]
[Result "0-1"]
[WhiteElo "2330"]
[BlackElo "2225"]
[PlyCount "68"]
[EventDate "1993.10.02"]
[EventType "team-tourn"]
[EventRounds "11"]
[EventCountry "GER"]
[SourceTitle "EXT 1997"]
[Source "ChessBase"]
[SourceDate "1996.11.15"]
[SourceVersion "1"]
[SourceVersionDate "1996.11.15"]
[SourceQuality "1"]
[WhiteTeam "Weimar"]
[BlackTeam "Krefeld Turm"]
[WhiteTeamCountry "GER"]
[BlackTeamCountry "GER"]

1. Nf3 Nf6 2. c4 c5 3. Nc3 d5 4. cxd5 Nxd5 5. d4 cxd4 6. Qxd4 Nxc3 7. Qxc3 Nc6 8. e4 Bg4 9. Bb5 Rc8 10. 0-0 a6 11. Bxc6+ Rxc6 12. Qb3 Rb6 13. Qa4+ Qd7 14. Qxd7+ Bxd7 15. b3 e6 16. Ne5 Bb5 17. Be3 Rd6 18. Rfc1 f6 19. Rc8+ Ke7 20. Bc5 fxe5 21. Rb8 Kd7 22. Bxd6 Kxd6 23. Rd1+ Ke7 24. Rxb7+ Kf6 25. Rb8 g5 26. Rdd8 Kf7 27. h3 h5 28. Ra8 g4 29. hxg4 hxg4 30. a4 Bc6 31. Rxa6 Bxe4 32. b4 g3 33. Rd7+ Kf6 34. fxg3 Bxb4 0-1

[Event "GER-ch (Women)"]
[Site "Bad Mergentheim"]
[Date "1993.??.??"]
[Round "?"]
[White "Bakalarz, Grazyna"]
[Black "Sadkiewicz, Joanna"]
[Result "1-0"]
[WhiteElo "2055"]
[BlackElo "2225"]
[PlyCount "72"]
[EventDate "1993.??.??"]
[EventType "swiss"]
[EventRounds "9"]
[EventCountry "GER"]
[SourceTitle "EXT 1998"]
[Source "ChessBase"]
[SourceDate "1997.11.17"]
[SourceVersion "1"]
[SourceVersionDate "1997.11.17"]
[SourceQuality "1"]

1. d4 Nf6 2. Nf3 g6 3. Bg5 Bg7 4. Nbd2 c5 5. c3 cxd4 6. cxd4 d5 7. e3 Nc6 8. Bd3 0-0 9. 0-0 a5 10. Rc1 Bd7 11. h3 Nb4 12. Bb1 Bb5 13. Re1 Ne8 14. a3 Nc6 15. Rc5 Ba6 16. Ba2 Nc7 17. Bf4 e6 18. Qc2 Ne8 19. Rc1 Nf6 20. Ne5 Ne7 21. b4 axb4 22. axb4 Nh5 23. Bh2 Bxe5 24. Bxe5 Nc6 25. Qb2 Nxe5 26. dxe5 b6 27. Rc7 Bc4 28. Bxc4 Qxc7 29. Bxd5 Qd7 30. Bxa8 Rxa8 31. Nf3 Ng7 32. Qc3 Nf5 33. e4 Ne7 34. Qc7 Ra7 35. Qxb6 Nc8 36. Qc5 Ne7 1-0

[Event "BL 9293 (Women)"]
[Site "Germany"]
[Date "1992.11.21"]
[Round "5.1"]
[White "Juergens, Vera"]
[Black "Sadkiewicz, Joanna"]
[Result "1-0"]
[WhiteElo "2340"]
[BlackElo "2225"]
[PlyCount "65"]
[EventDate "1992.10.03"]
[EventType "team-tourn"]
[EventRounds "11"]
[EventCountry "GER"]
[SourceTitle "EXT 1997"]
[Source "ChessBase"]
[SourceDate "1996.11.15"]
[SourceVersion "1"]
[SourceVersionDate "1996.11.15"]
[SourceQuality "1"]
[WhiteTeam "Hamburger SK (W)"]
[BlackTeam "Krefeld Turm"]
[WhiteTeamCountry "GER"]
[BlackTeamCountry "GER"]

1. d4 Nf6 2. Nc3 c5 3. d5 g6 4. e4 Bg7 5. e5 Ng8 6. Bf4 Nh6 7. Nf3 0-0 8. h3 d6 9. Be2 Qb6 10. Qd2 Nf5 11. 0-0 Nd7 12. exd6 Nxd6 13. Rab1 Qa5 14. Rfe1 Nf6 15. Bd3 Re8 16. g4 Qd8 17. Bf1 Bd7 18. Ne5 a6 19. a4 Rb8 20. Bg2 h5 21. f3 b5 22. axb5 axb5 23. b4 Qc7 24. Kh2 g5 25. bxc5 gxf4 26. cxd6 exd6 27. Nxd7 Qxd7 28. Ne2 Nh7 29. Nxf4 Be5 30. Kh1 hxg4 31. fxg4 Ng5 32. Nh5 f6 33. Rxe5 1-0

[Event "POL-chT 48th"]
[Site "Rewal"]
[Date "1992.09.21"]
[Round "3"]
[White "Baginskaite, Camilla"]
[Black "Sadkiewicz, Joanna"]
[Result "0-1"]
[WhiteElo "2280"]
[BlackElo "2140"]
[PlyCount "77"]
[EventDate "1992.09.19"]
[EventType "team-tourn"]
[EventRounds "11"]
[EventCountry "POL"]
[SourceTitle "EXT 2019"]
[Source "ChessBase"]
[SourceDate "2018.10.10"]
[SourceVersion "1"]
[SourceVersionDate "2018.10.10"]
[SourceQuality "1"]
[WhiteTeam "Legnica Miedz"]
[BlackTeam "Myslowice Gornik 09"]
[WhiteTeamCountry "POL"]
[BlackTeamCountry "POL"]

1. d4 Nf6 2. c4 c5 3. d5 e6 4. Nc3 exd5 5. cxd5 d6 6. e4 g6 7. Nf3 Bg7 8. Be2 0-0 9. 0-0 Re8 10. Nd2 a6 11. a4 Nbd7 12. Re1 Ne5 13. Nf1 Rb8 14. Qc2 Qc7 15. f4 Ned7 16. Ne3 Nf8 17. a5 N8d7 18. Nc4 b5 19. axb6 Nxb6 20. Na5 Ng4 21. h3 Bd4+ 22. Kh1 Nf2+ 23. Kh2 Qe7 24. g3 Bxc3 25. bxc3 Qxe4 26. Qxe4 Rxe4 27. Nc6 Ra8 28. Bd2 Bxh3 29. Bf3 Rxe1 30. Bxe1 Bg4 31. Bg2 Nd3 32. Bd2 Re8 33. Bf1 Bf5 34. Rxa6 Nc4 35. Ra2 Nb6 36. Bg2 Re2 37. Kg1 Nc4 38. Ra8+ Kg7 39. g4 0-1

[Event "POL-chT 48th"]
[Site "Rewal"]
[Date "1992.09.20"]
[Round "2"]
[White "Sadkiewicz, Joanna"]
[Black "Pilarska, Czeslawa"]
[Result "1-0"]
[WhiteElo "2140"]
[BlackElo "2100"]
[PlyCount "37"]
[EventDate "1992.09.19"]
[EventType "team-tourn"]
[EventRounds "11"]
[EventCountry "POL"]
[SourceTitle "EXT 2019"]
[Source "ChessBase"]
[SourceDate "2018.10.10"]
[SourceVersion "1"]
[SourceVersionDate "2018.10.10"]
[SourceQuality "1"]
[WhiteTeam "Myslowice Gornik 09"]
[BlackTeam "Gryfow Slaski Hetman"]
[WhiteTeamCountry "POL"]
[BlackTeamCountry "POL"]

1. e4 c5 2. Nf3 d6 3. d4 cxd4 4. Nxd4 Nf6 5. Nc3 a6 6. Bd3 e6 7. 0-0 Be7 8. Kh1 0-0 9. f4 Qc7 10. Qf3 Nc6 11. Nxc6 bxc6 12. Bd2 Rb8 13. b3 Nd7 14. Na4 Bf6 15. Rad1 Nb6 16. Nxb6 Qxb6 17. e5 dxe5 18. fxe5 Bxe5 19. Qe4 1-0

[Event "GER-ch op (Women)"]
[Site "Bad Neustadt"]
[Date "1992.??.??"]
[Round "?"]
[White "Brendel, Bergit"]
[Black "Sadkiewicz, Joanna"]
[Result "0-1"]
[WhiteElo "2060"]
[BlackElo "2185"]
[PlyCount "66"]
[EventDate "1992.??.??"]
[EventType "swiss"]
[EventRounds "9"]
[EventCountry "GER"]
[SourceTitle "EXT 2004"]
[Source "ChessBase"]
[SourceDate "2003.11.25"]
[SourceVersion "1"]
[SourceVersionDate "2003.11.25"]
[SourceQuality "1"]

1. e4 c5 2. Nf3 d6 3. d4 cxd4 4. Nxd4 Nf6 5. Nc3 g6 6. Be3 Bg7 7. f3 Nc6 8. Qd2 0-0 9. Bc4 Bd7 10. h4 Rc8 11. Bb3 h5 12. 0-0-0 Ne5 13. Bh6 Bxh6 14. Qxh6 Rxc3 15. bxc3 Qc7 16. g4 Qxc3 17. Kb1 a5 18. gxh5 a4 19. hxg6 axb3 20. gxf7+ Kxf7 21. cxb3 Nxf3 22. Nf5 Rg8 23. Qe3 Qxe3 24. Nxe3 Bc6 25. Nd5 Nxe4 26. Rhf1 Rg3 27. Rd3 Ke6 28. Nf4+ Ke5 29. Rfxf3 Rxf3 30. Ng6+ Ke6 31. Rxf3 Nd2+ 32. Kc1 Nxf3 33. Nf4+ Kf5 0-1

[Event "GER-ch op (Women)"]
[Site "Bad Neustadt"]
[Date "1992.??.??"]
[Round "?"]
[White "Claus, Caroline"]
[Black "Sadkiewicz, Joanna"]
[Result "1/2-1/2"]
[WhiteElo "2110"]
[BlackElo "2185"]
[PlyCount "37"]
[EventDate "1992.??.??"]
[EventType "swiss"]
[EventRounds "9"]
[EventCountry "GER"]
[SourceTitle "EXT 2004"]
[Source "ChessBase"]
[SourceDate "2003.11.25"]
[SourceVersion "1"]
[SourceVersionDate "2003.11.25"]
[SourceQuality "1"]

1. e4 c5 2. Nf3 d6 3. d4 cxd4 4. Nxd4 Nf6 5. Nc3 Nc6 6. Be2 e6 7. 0-0 Be7 8. Be3 0-0 9. f4 a6 10. a4 Qc7 11. Bf3 Na5 12. Kh1 Nc6 13. Bc1 Bd7 14. b3 Na5 15. Nde2 Rfd8 16. Ra3 Be8 17. Qe1 Rac8 18. Ra1 Nc6 19. Nd1 1/2-1/2

[Event "POL-ch (Women)"]
[Site "Swieradow"]
[Date "1992.??.??"]
[Round "6"]
[White "Lewandowska, Katarzyna"]
[Black "Sadkiewicz, Joanna"]
[Result "1-0"]
[WhiteElo "2120"]
[BlackElo "2185"]
[PlyCount "113"]
[EventDate "1992.??.??"]
[EventType "tourn"]
[EventRounds "13"]
[EventCountry "POL"]
[SourceTitle "EXT 2002"]
[Source "ChessBase"]
[SourceDate "2001.11.25"]
[SourceVersion "1"]
[SourceVersionDate "2001.11.25"]
[SourceQuality "1"]

1. d4 Nf6 2. Nf3 c5 3. d5 g6 4. Nc3 d6 5. e4 Bg7 6. Bc4 0-0 7. h3 b5 8. Bxb5 Nxe4 9. Nxe4 Qa5+ 10. Nc3 Bxc3+ 11. bxc3 Qxb5 12. Bh6 Re8 13. a4 Qc4 14. Qd3 Ba6 15. Qxc4 Bxc4 16. 0-0-0 Nd7 17. Rhe1 Nb6 18. a5 Nxd5 19. Re4 Ba6 20. Rxd5 Bb7 21. c4 e6 22. a6 Bc6 23. Rxd6 Bxe4 24. Ng5 Bf5 25. Rd7 e5 26. Rxf7 Be6 27. Rg7+ Kh8 28. Rxh7+ Kg8 29. Rg7+ Kh8 30. Rxg6 Bxc4 31. Bg7+ Kg8 32. Bxe5+ Kf8 33. Bd6+ Re7 34. Rh6 Ke8 35. Bxe7 Kxe7 36. Rc6 Bd5 37. Rxc5 Kd6 38. Rc3 Bxg2 39. Rg3 Bf1 40. Ne4+ Ke5 41. Nc5 Rc8 42. Rg5+ Kf4 43. Rh5 Be2 44. Ne6+ Ke4 45. f3+ Ke3 46. Re5+ Kf2 47. f4 Bxa6 48. f5 Bd3 49. Nc5 Bf1 50. f6 Bxh3 51. f7 Rf8 52. Re7 Bf5 53. Nd7 Bxd7 54. Rxd7 Ke3 55. Rxa7 Kd4 56. Kd2 Rh8 57. c3+ 1-0